000 01672 a2200325 4500
001 57697
005 20260407155836.0
008 260407a2005 arg spa d
003 AR-UNSa-BCEJYS
040 _aAR-UNSa-BCEJYS
_bspa
_cAR-UNSa-BCEJYS
080 _a336.13
_xFinanzas del sector público
245 1 0 _aLa recuperación del sistema financiero argentino
020 _a987-22571-0-8
264 1 _aBuenos Aires :
_bGrupo Sol Comunicaciones
_c2005
300 _a206 p.
_c22 cm.
505 _a1. La superación de la crisis bancaria de 2001-2002 y perspectivas de la actividad financiera / Augusto C. Magliano – 2. La recuperación del sistema financiero post-crisis / Miguel Ángel Arrigoni – 3. Los desafíos del sistema financiero / Carlos Heller – 4. El sistema bancario luego de la crisis / Douglas Elespe – 5. La política monetaria de la post-convertibilidad / Augusto C. Magliano – 6. Fortalecimiento del sistema financiero / Gregorio Goity – 7. Público y eficiente / Daniel Perrotta – 8. El caso del Banco Itaú / Rodolfo Corvi – 9. Claros indicadores de un desempeño favorable / Carlos Heller – Leonardo Bleger – 10. Recuperación de la crisis 2001/2002 / Gabriel Coqueugniont – 11. Banco Columbia / Roberto Varela
041 _aspa
942 _cBK
590 _aniveau_biblio:m niveau_hierar:0
100 1 _aMagliano, Augusto C.
700 1 _aArrigoni, Miguel Ángel
700 1 _aHeller, Carlos
700 1 _aElespe, Douglas
700 1 _aGoity, Gregorio
700 1 _aPerrotta, Daniel
700 1 _aCorvi, Rodolfo
700 1 _aBleger, Leonardo
700 1 _aCoqueugniot, Gabriel
700 1 _aVarela, Roberto
999 _c6224
_d6224